[Event "Titled Tuesday intern op 02nd May Late"]
[Site "Chess.com INT"]
[Date "2023.05.02"]
[Round "3"]
[White "Kalaiyalahan, Akshaya"]
[Black "Martin Barcelo, Carles"]
[Result "1/2-1/2"]
[WhiteElo "2155"]
[BlackElo "2221"]
[PlyCount "72"]
[EventDate "2023.05.02"]
[EventType "swiss (blitz)"]
[EventRounds "11"]
[EventCountry "USA"]
[SourceTitle "EXT 2024"]
[Source "ChessBase"]
[SourceDate "2023.10.10"]
[SourceVersion "1"]
[SourceVersionDate "2023.10.10"]
[SourceQuality "1"]

1. c4 e5 2. Nc3 Nc6 3. g3 f5 4. Bg2 Nf6 5. d3 g6 6. e3 Bg7 7. Nge2 0-0 8. Rb1 a5 9. a3 d6 10. b4 axb4 11. axb4 Nh5 12. b5 Ne7 13. f4 Ra7 14. 0-0 Be6 15. Bf3 Nf6 16. b6 cxb6 17. Qb3 e4 18. dxe4 fxe4 19. Nxe4 Nxe4 20. Bxe4 d5 21. Qxb6 Qxb6 22. Rxb6 Ra6 23. Rxa6 bxa6 24. cxd5 Nxd5 25. Rd1 Nb4 26. Ba3 Rb8 27. Rd6 Bc4 28. Nd4 a5 29. Ne6 Bc3 30. Rd8+ Rxd8 31. Nxd8 Bd2 32. Kf2 Nd3+ 33. Kf3 Ne1+ 34. Kf2 Nd3+ 35. Kf3 Ne1+ 36. Kf2 Nd3+ 1/2-1/2

[Event "Titled Tuesday intern op 02nd May Late"]
[Site "Chess.com INT"]
[Date "2023.05.02"]
[Round "5"]
[White "Krivenko, Dion"]
[Black "Kalaiyalahan, Akshaya"]
[Result "0-1"]
[WhiteElo "2100"]
[BlackElo "2155"]
[PlyCount "74"]
[EventDate "2023.05.02"]
[EventType "swiss (blitz)"]
[EventRounds "11"]
[EventCountry "USA"]
[SourceTitle "EXT 2024"]
[Source "ChessBase"]
[SourceDate "2023.10.10"]
[SourceVersion "1"]
[SourceVersionDate "2023.10.10"]
[SourceQuality "1"]

1. e4 e6 2. Qe2 d5 3. exd5 Qxd5 4. Nc3 Qd8 5. g3 Nf6 6. Bg2 Be7 7. Nf3 0-0 8. 0-0 c5 9. Rd1 Nc6 10. d4 cxd4 11. Nb5 Qb6 12. Nbxd4 Nxd4 13. Nxd4 Bc5 14. c3 e5 15. Qxe5 Re8 16. Qf4 Bg4 17. f3 Bh5 18. Qd2 Rad8 19. Qf2 Ne4 20. fxe4 Bxd1 21. Be3 Bh5 22. b4 Bxd4 23. Bxd4 Qe6 24. Bxa7 Bg6 25. Re1 Ra8 26. Re2 Qc4 27. Bd4 Ra3 28. e5 Rea8 29. Bf1 Rxa2 30. Rxa2 Qxa2 31. Qf3 Qb1 32. Bf2 Ra1 33. h4 Qxf1+ 34. Kh2 h5 35. e6 fxe6 36. Qf4 Ra2 37. Qf3 Rxf2+ 0-1

[Event "Titled Tuesday intern op 02nd May Late"]
[Site "Chess.com INT"]
[Date "2023.05.02"]
[Round "10"]
[White "Yeritsyan, Hayk"]
[Black "Kalaiyalahan, Akshaya"]
[Result "1-0"]
[WhiteElo "2241"]
[BlackElo "2155"]
[PlyCount "65"]
[EventDate "2023.05.02"]
[EventType "swiss (blitz)"]
[EventRounds "11"]
[EventCountry "USA"]
[SourceTitle "EXT 2024"]
[Source "ChessBase"]
[SourceDate "2023.10.10"]
[SourceVersion "1"]
[SourceVersionDate "2023.10.10"]
[SourceQuality "1"]

1. d4 b6 2. Nf3 Bb7 3. Bf4 Nf6 4. e3 e6 5. Nbd2 d5 6. Bd3 Nbd7 7. c3 c5 8. 0-0 Ne4 9. Ne5 Ndf6 10. Bb5+ Ke7 11. Nc6+ Bxc6 12. Bxc6 Rc8 13. Bb7 Rc7 14. Bxc7 Qxc7 15. Ba6 c4 16. Bb5 Ng4 17. Qxg4 Nxd2 18. Rfe1 f5 19. Qe2 Ne4 20. Ba4 Kf7 21. Bc2 Bd6 22. g3 h6 23. Bxe4 fxe4 24. f3 Rf8 25. fxe4 dxe4 26. Rf1+ Kg8 27. Rxf8+ Bxf8 28. Qg4 Qc6 29. Rf1 Qd5 30. Qg6 Bd6 31. Rf7 Bf8 32. Rxa7 Qb5 33. Qf7+ 1-0

[Event "Titled Tuesday intern op 28th Feb Early"]
[Site "Chess.com INT"]
[Date "2023.02.28"]
[Round "6"]
[White "Kalaiyalahan, Akshaya"]
[Black "Fernandez Garcia, Gumersindo"]
[Result "1/2-1/2"]
[WhiteElo "2148"]
[BlackElo "2172"]
[PlyCount "125"]
[EventDate "2023.02.28"]
[EventType "swiss (blitz)"]
[EventRounds "11"]
[EventCountry "USA"]
[SourceTitle "CBM 213 Extra"]
[Source "ChessBase"]
[SourceDate "2023.05.31"]
[SourceVersion "1"]
[SourceVersionDate "2023.05.31"]
[SourceQuality "1"]

1. d4 Nf6 2. c4 e6 3. g3 d5 4. Bg2 Be7 5. Nf3 0-0 6. 0-0 dxc4 7. Ne5 Nc6 8. Bxc6 bxc6 9. Nxc6 Qe8 10. Nxe7+ Qxe7 11. Bg5 h6 12. Bd2 c5 13. dxc5 Qxc5 14. Na3 Bb7 15. Be3 Qc6 16. f3 Rfd8 17. Qc2 Nd5 18. Bf2 c3 19. e4 cxb2 20. Qxb2 Nb6 21. Rac1 Qa4 22. Rc7 Ba6 23. Re1 Rdc8 24. Rxc8+ Rxc8 25. Qb3 Qxb3 26. axb3 Rc3 27. Nc4 Bxc4 28. bxc4 Rxc4 29. Ra1 Rc7 30. Ra6 Rb7 31. Kf1 Kf8 32. Bc5+ Ke8 33. Bd4 g6 34. Ke2 Kd7 35. f4 Kc6 36. Kf3 Kb5 37. Ra1 a5 38. h4 h5 39. g4 hxg4+ 40. Kxg4 a4 41. Rb1+ Ka6 42. Ra1 Ka5 43. f5 exf5+ 44. exf5 Nd5 45. fxg6 fxg6 46. Kg5 Rb4 47. Bg7 Ne7 48. Bf6 Nd5 49. Bd8+ Kb5 50. Rd1 Kc4 51. Kxg6 Nc3 52. Rf1 Rb8 53. Bf6 a3 54. Rc1 Rb3 55. h5 a2 56. Bxc3 Rxc3 57. Ra1 Rg3+ 58. Kf7 Kb3 59. h6 Rf3+ 60. Kg7 Rg3+ 61. Kf7 Rh3 62. Kg7 Rg3+ 63. Kf7 1/2-1/2

[Event "Titled Tuesday intern op 28th Feb Early"]
[Site "Chess.com INT"]
[Date "2023.02.28"]
[Round "2"]
[White "Zia, Tahsin Tajwar"]
[Black "Kalaiyalahan, Akshaya"]
[Result "1-0"]
[WhiteElo "2307"]
[BlackElo "2148"]
[PlyCount "63"]
[EventDate "2023.02.28"]
[EventType "swiss (blitz)"]
[EventRounds "11"]
[EventCountry "USA"]
[SourceTitle "CBM 213 Extra"]
[Source "ChessBase"]
[SourceDate "2023.05.31"]
[SourceVersion "1"]
[SourceVersionDate "2023.05.31"]
[SourceQuality "1"]

1. d4 Nf6 2. c4 e6 3. Nc3 d5 4. Nf3 c5 5. cxd5 Nxd5 6. e4 Nxc3 7. bxc3 cxd4 8. cxd4 Bb4+ 9. Bd2 Bxd2+ 10. Qxd2 0-0 11. Bc4 Nd7 12. 0-0 b6 13. Rfe1 Bb7 14. Rad1 Nf6 15. Qf4 Rc8 16. Bd3 h6 17. h4 Qc7 18. e5 Nd5 19. Qe4 Nf6 20. Qf4 Nd5 21. Qg4 Rfd8 22. h5 Nb4 23. Be4 Bxe4 24. Rxe4 Qc2 25. Ne1 Qxa2 26. Re3 Rd7 27. Rg3 f5 28. exf6 Nc2 29. d5 Nxe1 30. Qxe6+ Kh8 31. fxg7+ Kh7 32. g8Q+ 1-0

[Event "Bassano del Grappa Vergani Cup"]
[Site "Bassano del Grappa"]
[Date "2023.02.02"]
[Round "2"]
[White "Seo, Jung Min"]
[Black "Kalaiyalahan, Akshaya"]
[Result "1-0"]
[WhiteElo "2509"]
[BlackElo "2148"]
[PlyCount "77"]
[EventDate "2023.02.01"]
[EventType "swiss"]
[EventRounds "9"]
[EventCountry "ITA"]
[SourceTitle "CBM 212 Extra"]
[Source "ChessBase"]
[SourceDate "2023.03.31"]
[SourceVersion "1"]
[SourceVersionDate "2023.03.31"]
[SourceQuality "1"]

1. e4 c5 2. Nf3 Nc6 3. Bb5 g6 4. 0-0 Bg7 5. Re1 Nf6 6. Nc3 0-0 7. e5 Ne8 8. Bxc6 dxc6 9. h3 Nc7 10. d3 Ne6 11. Ne4 Qc7 12. Be3 Bxe5 13. Nxe5 Qxe5 14. Qc1 Qd5 15. b3 b6 16. Bd2 Nd4 17. Bh6 Rd8 18. Bg5 f5 19. Nc3 Qf7 20. Rxe7 Qf8 21. Qd2 h6 22. Rae1 Be6 23. R7xe6 Nxe6 24. Rxe6 Qf7 25. Bxd8 Qxe6 26. Bc7 Rc8 27. Bg3 g5 28. f4 Qe7 29. a4 Re8 30. Bf2 Qg7 31. Ne2 g4 32. Kh2 gxh3 33. gxh3 Kh7 34. Ng3 Qg6 35. Qd1 a5 36. Kg2 Rg8 37. Kf1 Qd6 38. Qf3 Qf6 39. Nh5 1-0

[Event "Titled Tuesday intern op 25th Oct Late"]
[Site "Chess.com INT"]
[Date "2022.10.25"]
[Round "2"]
[White "Kalaiyalahan, Akshaya"]
[Black "Estrada Nieto, Julian"]
[Result "0-1"]
[WhiteElo "2143"]
[BlackElo "2264"]
[PlyCount "58"]
[EventDate "2022.10.25"]
[EventType "swiss (blitz)"]
[EventRounds "11"]
[EventCountry "USA"]
[SourceTitle "EXT 2024"]
[Source "ChessBase"]
[SourceDate "2023.10.10"]
[SourceVersion "1"]
[SourceVersionDate "2023.10.10"]
[SourceQuality "1"]

1. c4 e5 2. b3 Nf6 3. Bb2 Nc6 4. Nc3 d5 5. cxd5 Nxd5 6. Nxd5 Qxd5 7. a3 a5 8. d3 Be6 9. Nf3 f6 10. Nd2 Be7 11. e4 Qd7 12. Be2 Nd4 13. Bxd4 Qxd4 14. 0-0 0-0 15. Qc2 c6 16. Nf3 Qc5 17. Qb2 Rfd8 18. Rfd1 Rd7 19. d4 exd4 20. Nxd4 Bf7 21. Nf5 Rxd1+ 22. Rxd1 Qxa3 23. Qxa3 Bxa3 24. Rd7 b5 25. Rc7 a4 26. bxa4 bxa4 27. Rxc6 Bb2 28. Nd6 a3 29. Nxf7 a2 0-1

[Event "BCF-chT 2223 (4NCL)"]
[Site "England"]
[Date "2022.10.23"]
[Round "2.1"]
[White "Kalaiyalahan, Akshaya"]
[Black "Boswell, Jacob Connor"]
[Result "1-0"]
[WhiteElo "2143"]
[BlackElo "2110"]
[PlyCount "109"]
[EventDate "2022.10.22"]
[EventType "team-swiss"]
[EventRounds "11"]
[EventCountry "ENG"]
[SourceTitle "CBM 210 Extra"]
[Source "ChessBase"]
[SourceDate "2022.11.30"]
[SourceVersion "1"]
[SourceVersionDate "2022.11.30"]
[SourceQuality "1"]
[WhiteTeam "Wood Green Youth"]
[BlackTeam "Cheddleton"]
[WhiteTeamCountry "ENG"]
[BlackTeamCountry "ENG"]

1. d4 Nf6 2. Nf3 g6 3. c4 Bg7 4. g3 0-0 5. Bg2 d6 6. 0-0 Nc6 7. Nc3 a6 8. Qc2 Rb8 9. Rd1 Bf5 10. e4 Bg4 11. Be3 Nd7 12. h3 Bxf3 13. Bxf3 e5 14. d5 Nd4 15. Bxd4 exd4 16. Ne2 c5 17. dxc6 bxc6 18. Nxd4 Ne5 19. Be2 c5 20. Nb3 Nc6 21. Rd2 Nd4 22. Nxd4 Bxd4 23. Rb1 a5 24. Kg2 Rb6 25. b3 Qf6 26. f4 g5 27. Rf1 a4 28. Bd3 axb3 29. axb3 Rfb8 30. e5 dxe5 31. Bxh7+ Kh8 32. fxg5 Qxg5 33. Rd3 Rf6 34. Rxf6 Qxf6 35. Rf3 Qg7 36. Be4 Rb6 37. Qa2 Qh6 38. Rxf7 Ra6 39. Qe2 Kg8 40. Rf5 Rf6 41. Bd5+ Kf8 42. Rxf6+ Qxf6 43. Qf3 Ke7 44. Qxf6+ Kxf6 45. Kf3 Bc3 46. h4 Be1 47. Be4 Kg7 48. Kg4 Kh6 49. Kh3 Kh5 50. g4+ Kh6 51. g5+ Kh5 52. Bf3+ Kg6 53. Kg4 Bd2 54. h5+ Kg7 55. h6+ 1-0